| 000 | 004430000a22001810004500 | ||
|---|---|---|---|
| 003 | MACL | ||
| 005 | 20160119155909.0 | ||
| 008 | 160119b xxu||||| |||| 00| 0 eng d | ||
| 040 |
_aMACL _cMACL |
||
| 041 | _aEnglish | ||
| 082 | _a003.74/HAD | ||
| 100 |
_aHadley, G _933306 |
||
| 245 | _aLinear Programming | ||
| 260 |
_bNarosa Publishing House _c1987 _aNew Delhi |
||
| 350 | _a145 | ||
| 650 |
_aSystem _933307 |
||
| 942 |
_cBK _k003.74/HAD _2ddc |
||
| 999 |
_c32561 _d32561 |
||